| 000 | 00935nam a2200229Ia 4500 | ||
|---|---|---|---|
| 003 | OSt | ||
| 005 | 20250710145009.0 | ||
| 008 | 191128t1995 ck a br 000 f spa d | ||
| 020 | _a9580423822 | ||
| 040 |
_aCO-JMCR _cCO-JMCR |
||
| 041 | _aspa | ||
| 082 |
_aN _bNOSm |
||
| 100 | 1 |
_aNöstliger, Christine, _d1936 _eautor _97740 |
|
| 245 | 1 | 3 |
_aUn marido para mamá / _cChristine Nöstlinger |
| 260 |
_aBogotá : _bNorma, _c©1995 |
||
| 300 |
_a192 páginas : _bilustraciones a blanco y negro ; _c19 cm. |
||
| 490 | 0 | _aTorre de papel amarillo | |
| 500 | _aIncluye biográfia del autor en cotraportada | ||
| 520 | _aLa consecuencia más grave para Susi después de la separación de sus padres ha sido tener que vivir en la casa de su abuela y de su tía abuela. Susi ya no soporta un minuto más los regaños, la extrema limpieza y los refranes. De repente se le ocurre una ex | ||
| 650 | 1 | 4 |
_aNovela infantil _91227 |
| 942 |
_2ddc _cBK |
||
| 999 |
_c3346 _d3346 |
||